000 01099nam0a2200277 4500
001 RU\NLR\ONL1\12187
005 20250613121239.0
035 _a(NLR Aleph) 009640932
090 _a9545640
_c9545640
100 _a20070910d1931 |||y0rusy50 ca
101 0 _amyv
102 _aRU
105 _ay |||||||||
200 1 _aНациятне ютксо культурань сроямос ды комсомолонть задачанзо
_fДжавахидзе
210 _aМосква
_cЦентриздат
_d1931
215 _a23 с.
_d20
541 1 _aНационально-культурное строительство и задачи комсомола
_zrus
601 1 2 _aВЛКСМ
_xУчастие в культурном строительстве
_91263428
_3RU\NLR\AUTH\66201444
686 1 _aФ75(2)145
700 1 _aДжавахидзе
_bГ. С.
_f1903-1938
_gГригорий Степанович
_4070
801 0 _aRU
_bNLR
_c20070910
_gPSBO
852 _aNLR
_bОНЛ
_jМорд.э./2-494
942 _cBOOK
980 _aNB